000 00759nam a22001697a 4500
999 _c63868
_d63868
003 Ge_BSU
005 20260209171244.0
008 260209s1931 ge ||||| |||| 00| 0 geo d
041 _ageo
080 _a329.150.7 :330.1 მ-44
100 _aმახარაძე, ფილიპე
_926848
245 _aთხზულებათა კრებული :
_bტ. 8. ეკონომიური საკითხები /
_cფილიპე მახარაძე.
264 _aთფილისი :
_bს.ს.ს.რ. სახელმწიფო გამომცემლობა,
_c1931.
300 _a316 გვ.;
_b25 სმ.
653 _aეკონომიური საკითხები
942 _2udc
_cᲬᲘᲒᲜᲘ